[Event "XVII C.to Italiano UISP A"]
[Site "Montecatini Terme ITA"]
[Date "1996.12.??"]
[Round "7"]
[White "Corvi, Marco"]
[Black "Rossi, Carlo"]
[WhiteElo "2185"]
[BlackElo "2320"]
[Result "0-1"]
[PlyCount "71"]
[EventDate "1996.12.04"]

1. c4 Nc6 2. Nc3 g6 3. Nf3 Bg7 4. e3 d6 5. d4 e5 6. Be2 Nge7 7. O-O O-O 8. d5
Nb8 9. Bd2 f5 10. b4 Nd7 11. Qb3 Kh8 12. Rac1 h6 13. Rfd1 a6 14. Be1 g5 15. e4
Nf6 16. Nd2 Ng6 17. c5 Rf7 18. cxd6 cxd6 19. b5 a5 20. b6 Bf8 21. exf5 Bxf5 22.
Nc4 Nf4 23. Bf1 g4 24. Nb5 Ne4 25. Nc7 Rb8 26. Nxa5 Qg5 27. Ne6 Bxe6 28. dxe6
Nh3+ 29. Qxh3 gxh3 30. exf7 d5 31. Rc7 Qf6 32. Rxd5 Qxb6 33. Rc1 Qe6 34. Bc4 b6
35. Nb3 Qg6 36. Bf1 0-1

[Event "XVII C.to Italiano UISP A"]
[Site "Montecatini Terme ITA"]
[Date "1996.12.??"]
[Round "7"]
[White "Del Dotto, Riccardo"]
[Black "Ceccatelli, Claudio"]
[WhiteElo "1989"]
[BlackElo "1714"]
[Result "1/2-1/2"]
[PlyCount "40"]
[EventDate "1996.12.04"]

1. Nf3 d5 2. g3 c5 3. Bg2 Nc6 4. d3 e5 5. Nbd2 Be6 6. e4 d4 7. O-O f6 8. Ne1 g5
9. f4 gxf4 10. gxf4 exf4 11. Nb3 h5 12. Bxf4 Bg4 13. Qd2 Qd7 14. Nf3 O-O-O 15.
Na5 Nge7 16. Nh4 Rg8 17. Kh1 Bh3 18. Rg1 Bxg2+ 19. Rxg2 Rxg2 20. Nxg2 Nxa5
1/2-1/2

[Event "XVII C.to Italiano UISP A"]
[Site "Montecatini Terme ITA"]
[Date "1996.12.??"]
[Round "7"]
[White "Efimov, Igor"]
[Black "Vezzosi, Paolo"]
[WhiteElo "2510"]
[BlackElo "2310"]
[Result "1-0"]
[PlyCount "69"]
[EventDate "1996.12.04"]

1. d4 Nf6 2. c4 e6 3. a3 d5 4. e3 Nbd7 5. Nf3 Be7 6. Nc3 O-O 7. Bd3 dxc4 8.
Bxc4 a6 9. O-O b5 10. Ba2 Bb7 11. Qe2 c5 12. Rd1 Qb6 13. dxc5 Nxc5 14. b4 Nce4
15. Bb2 Rad8 16. Nxe4 Bxe4 17. Bd4 Qb7 18. Rac1 Rc8 19. Ng5 Rxc1 20. Rxc1 Bxg2
21. Qc2 Ne4 22. Kxg2 Nxg5+ 23. Qc6 Qxc6+ 24. Rxc6 Ra8 25. f4 Ne4 26. Bxe6 fxe6
27. Rxe6 Kf7 28. Rxe4 Rc8 29. Kf3 g6 30. Be5 Rc2 31. Rd4 Rxh2 32. Rd7 Ke8 33.
Ra7 Ra2 34. Ra8+ Kf7 35. Rxa6 1-0

[Event "XVII C.to Italiano UISP A"]
[Site "Montecatini Terme ITA"]
[Date "1996.12.??"]
[Round "7"]
[White "Fabiano, Giuseppe"]
[Black "Passerotti, Pierluigi"]
[WhiteElo "2240"]
[BlackElo "2290"]
[Result "0-1"]
[PlyCount "112"]
[EventDate "1996.12.04"]

1. e4 c5 2. Nf3 Nc6 3. Bb5 g6 4. O-O Bg7 5. c3 a6 6. Ba4 Nf6 7. Re1 O-O 8. e5
Ne8 9. d4 cxd4 10. cxd4 d6 11. exd6 Nxd6 12. d5 Na5 13. Bg5 Nf5 14. Nc3 h6 15.
Bf4 Nc4 16. Qe2 b5 17. Bb3 Nxb2 18. Qxb2 b4 19. Be5 bxc3 20. Qxc3 Bd7 21. Bxg7
Nxg7 22. Ne5 Rc8 23. Qb4 Nf5 24. Rad1 Nd6 25. Qf4 Kg7 26. h3 Rc7 27. g4 Be8 28.
Qd4 f6 29. Nd3 Bf7 30. Nb4 Nb5 31. Qe3 Qa8 32. Nc6 Re8 33. Qg3 Qb7 34. a4 Nd6
35. Qd3 Qc8 36. Re3 Qb7 37. h4 Rd7 38. g5 hxg5 39. hxg5 Nf5 40. gxf6+ exf6 41.
Rxe8 Bxe8 42. Bc4 Qc7 43. Qe4 Bf7 44. Bxa6 Rxd5 45. Rxd5 Qxc6 46. Bc4 Nd6 47.
Qe7 Nxc4 48. Rd8 g5 49. Rd7 Ne5 50. Rd6 Nf3+ 51. Kf1 Qc1+ 52. Kg2 Nh4+ 53. Kh2
Qf4+ 54. Kg1 Kg6 55. Rd7 Nf3+ 56. Kg2 Qg4+ 0-1

[Event "XVII C.to Italiano UISP A"]
[Site "Montecatini Terme ITA"]
[Date "1996.12.??"]
[Round "7"]
[White "Falchetta, Giovanni"]
[Black "Di Vincenzi, Renato"]
[WhiteElo "2205"]
[BlackElo "2128"]
[Result "0-1"]
[PlyCount "98"]
[EventDate "1996.12.04"]

1. e4 d6 2. d4 Nf6 3. Nc3 c6 4. a4 g6 5. Be2 Qc7 6. h3 e5 7. Nf3 Bg7 8. O-O a5
9. Be3 O-O 10. Qd2 Re8 11. dxe5 dxe5 12. Rad1 Nbd7 13. Ng5 Nf8 14. Bc4 Be6 15.
Nxe6 Nxe6 16. Bxe6 Rxe6 17. f3 Bf8 18. Qf2 Nd7 19. Rd3 b6 20. Rfd1 Nc5 21. R3d2
Ree8 22. Qh4 Be7 23. Bg5 Bxg5 24. Qxg5 Kg7 25. Ne2 f6 26. Qe3 Rad8 27. b3 Ne6
28. Kf2 Rxd2 29. Rxd2 Rd8 30. Ke1 Nc5 31. Nc3 Rd6 32. Kd1 Qd8 33. Rxd6 Qxd6+
34. Qd2 Qxd2+ 35. Kxd2 f5 36. Ke3 f4+ 37. Kd2 Kh6 38. Nb1 Kh5 39. Na3 Kh4 40.
Ke2 Kg3 41. Kf1 Ne6 42. c3 Nc5 43. Nc4 Nxb3 44. Nxb6 Nc5 45. Nc4 Nxa4 46. Nxe5
Nxc3 47. Nxc6 a4 48. Nd4 a3 49. e5 a2 0-1

[Event "XVII C.to Italiano UISP A"]
[Site "Montecatini Terme ITA"]
[Date "1996.12.??"]
[Round "7"]
[White "Lucaroni, Massimiliano"]
[Black "Magalotti, Andrea"]
[WhiteElo "2265"]
[BlackElo "2100"]
[Result "1/2-1/2"]
[PlyCount "103"]
[EventDate "1996.12.04"]

1. e4 e5 2. Bc4 Nf6 3. d3 Nc6 4. Nc3 Na5 5. Nge2 Nxc4 6. dxc4 Bc5 7. O-O h6 8.
Ng3 d6 9. h3 O-O 10. Qf3 Nh7 11. Nd5 c6 12. Ne3 g6 13. Kh2 h5 14. Qd1 Ng5 15.
f4 h4 16. fxg5 hxg3+ 17. Kxg3 Qxg5+ 18. Ng4 Bxg4 19. hxg4 Be3 20. Bxe3 Qxe3+
21. Qf3 Qxf3+ 22. Rxf3 Rad8 23. Rd1 Rd7 24. g5 Re8 25. Rfd3 Red8 26. a4 Kf8 27.
b3 Ke7 28. Rf3 Rh8 29. Rdf1 Rh7 30. Rd1 Kd8 31. Rfd3 Rh5 32. Kg4 Rh2 33. g3
Rxc2 34. Rxd6 Rxd6 35. Rxd6+ Ke7 36. Rd3 Rf2 37. Rd1 Rh2 38. Rd3 Rh8 39. Kf3 a5
40. Rc3 Rd8 41. Ke3 Rd1 42. Ke2 Rh1 43. Kf3 Re1 44. Rd3 Rh1 45. Rd2 Rh8 46. Rb2
Kd6 47. b4 axb4 48. Rxb4 Rb8 49. a5 Kc5 50. Rb6 Kd6 51. Rb4 Kc7 52. c5 1/2-1/2

[Event "XVII C.to Italiano UISP A"]
[Site "Montecatini Terme ITA"]
[Date "1996.12.??"]
[Round "7"]
[White "Maran, Walter"]
[Black "Iatrino, Vincenzo"]
[WhiteElo "1701"]
[BlackElo "1971"]
[Result "0-1"]
[PlyCount "74"]
[EventDate "1996.12.04"]

1. e4 c5 2. Nf3 d6 3. d4 cxd4 4. Nxd4 Nf6 5. Nc3 a6 6. Bg5 e6 7. f4 Be7 8. Qf3
Qc7 9. O-O-O Nbd7 10. g4 b5 11. Bxf6 Nxf6 12. g5 Nd7 13. Rg1 Bb7 14. Bh3 b4 15.
Nd5 exd5 16. exd5 O-O-O 17. Nc6 Rde8 18. Rge1 Bd8 19. Nxb4 Kb8 20. Nc6+ Ka8 21.
Bg2 Qb6 22. Qc3 f6 23. h4 h6 24. Re6 fxg5 25. Qxg7 Bf6 26. Rxf6 Nxf6 27. Qxf6
Qe3+ 28. Kb1 Qe2 29. Qd4 Bxc6 30. dxc6 Qxg2 31. Qb6 Rh7 32. a4 Qe2 33. Rxd6
Qf1+ 34. Ka2 Qc4+ 35. Ka3 Rb8 36. Qa5 Re7 37. c7 Re3+ 0-1

[Event "XVII C.to Italiano UISP A"]
[Site "Montecatini Terme ITA"]
[Date "1996.12.??"]
[Round "7"]
[White "Monteleone, Antonio"]
[Black "Sarno, Spartaco"]
[WhiteElo "2200"]
[BlackElo "2410"]
[Result "1/2-1/2"]
[PlyCount "86"]
[EventDate "1996.12.04"]

1. d4 Nf6 2. c4 g6 3. Nc3 d5 4. Nf3 Bg7 5. Qb3 dxc4 6. Qxc4 O-O 7. e4 a6 8. Qb3
b5 9. e5 Nfd7 10. h4 c5 11. e6 cxd4 12. exd7 Bb7 13. Nd5 Nc6 14. Bg5 h6 15. Bd2
e6 16. Nf4 Qxd7 17. Nd3 Qe7 18. Qa3 Qxa3 19. bxa3 e5 20. Nc5 Bc8 21. Rc1 Re8
22. Bd3 e4 23. Nxe4 f5 24. Bc2 fxe4 25. Bb3+ Be6 26. Rxc6 Bxb3 27. axb3 exf3+
28. Kd1 Kf7 29. gxf3 Re6 30. Rc7+ Kg8 31. Rg1 Rf8 32. f4 Rf7 33. Rc5 h5 34. Rd5
Kh7 35. f5 Rxf5 36. Rxf5 gxf5 37. Rg5 Bf8 38. Rxh5+ Kg6 39. Rg5+ Kf6 40. a4
bxa4 41. bxa4 Bh6 42. Rg1 Bxd2 43. Kxd2 Re4 1/2-1/2

[Event "XVII C.to Italiano UISP A"]
[Site "Montecatini Terme ITA"]
[Date "1996.12.??"]
[Round "7"]
[White "Pace, Roberto"]
[Black "Oppici, Gabriele"]
[WhiteElo "1887"]
[BlackElo "2055"]
[Result "1-0"]
[PlyCount "112"]
[EventDate "1996.12.04"]

1. e4 g6 2. Nc3 Bg7 3. g3 e5 4. Bg2 d6 5. Nge2 Nf6 6. O-O O-O 7. d3 c6 8. d4
Qc7 9. Qd3 Nbd7 10. Bg5 Re8 11. Rad1 h6 12. Bc1 exd4 13. Nxd4 Nc5 14. Qe2 Ncxe4
15. Nxe4 Nxe4 16. Bxe4 d5 17. Bf4 Qb6 18. Be3 Rxe4 19. Qd2 c5 20. Nb3 d4 21.
Bxh6 Bh3 22. f3 Ree8 23. Rfe1 Qc6 24. Bxg7 Kxg7 25. Qf2 Be6 26. Nc1 Bd5 27. Kg2
g5 28. g4 Re6 29. Rxe6 Qxe6 30. Qg3 Re8 31. b3 Bc6 32. h4 Qg6 33. Rd2 Re3 34.
Rf2 Bxf3+ 35. Rxf3 Qxc2+ 36. Qf2 Qe4 37. hxg5 Qxg4+ 38. Qg3 Qe4 39. Qf4 Qc2+
40. Rf2 Qg6 41. Ne2 Qc6+ 42. Kh2 Qe6 43. Ng3 Re1 44. Nh5+ Kg6 45. Ng3 Re5 46.
Qh4 Rxg5 47. Qh8 f6 48. Qh4 Qe5 49. Qe4+ Kg7 50. Qxb7+ Kg6 51. Qe4+ Kg7 52. Rf4
d3 53. Rg4 Rxg4 54. Qxg4+ Kf8 55. Qd1 f5 56. Qxd3 f4 1-0

[Event "XVII C.to Italiano UISP A"]
[Site "Montecatini Terme ITA"]
[Date "1996.12.??"]
[Round "7"]
[White "Pastorini, Mario"]
[Black "Tirabassi, Maurizio"]
[WhiteElo "2210"]
[BlackElo "2330"]
[Result "1/2-1/2"]
[PlyCount "67"]
[EventDate "1996.12.04"]

1. c4 e5 2. Nc3 Nc6 3. Nf3 f5 4. d4 e4 5. Bg5 Nf6 6. Nd2 Be7 7. e3 O-O 8. Be2
h6 9. Bxf6 Bxf6 10. Qb3 d6 11. O-O-O Ne7 12. g4 g6 13. Rhg1 Kh8 14. gxf5 gxf5
15. f3 exf3 16. Nxf3 Rg8 17. e4 Rxg1 18. Rxg1 Nc6 19. Qd1 fxe4 20. Nxe4 Bf5 21.
Nxf6 Qxf6 22. Bd3 Rf8 23. Bxf5 Qxf5 24. Qd2 Qf4 25. d5 Qxd2+ 26. Kxd2 Rxf3 27.
dxc6 Rf2+ 28. Kc3 bxc6 29. Re1 Kg7 30. Re7+ Rf7 31. Re8 Rf8 32. Re7+ Rf7 33.
Re8 Rf8 34. Re7+ 1/2-1/2

[Event "XVII C.to Italiano UISP A"]
[Site "Montecatini Terme ITA"]
[Date "1996.12.??"]
[Round "7"]
[White "Renier, Renzo"]
[Black "Bini, Lorenzo"]
[WhiteElo "1893"]
[BlackElo "2200"]
[Result "0-1"]
[PlyCount "75"]
[EventDate "1996.12.04"]

1. e4 b6 2. d4 Bb7 3. Bd3 e6 4. Nf3 h6 5. O-O d6 6. Nc3 Nd7 7. Ne2 Ne7 8. c4 g5
9. b3 Bg7 10. Bb2 Ng6 11. Qc2 g4 12. Ne1 Rg8 13. e5 Ndf8 14. Be4 Bxe4 15. Qxe4
Rb8 16. f4 Ne7 17. Ng3 d5 18. cxd5 Qxd5 19. Rc1 Qxe4 20. Nxe4 Nd5 21. Nd3 Ng6
22. Ba3 Nh4 23. Nb4 Nxb4 24. Bxb4 Kd7 25. Rfd1 Rbc8 26. Be1 Nf5 27. g3 Ne3 28.
Rd3 Nd5 29. Nc3 c6 30. Nxd5 cxd5 31. Rcc3 Rxc3 32. Rxc3 Bf8 33. Rc2 Be7 34. Kf2
f6 35. Ke2 fxe5 36. fxe5 Rf8 37. Bd2 h5 38. Bf4 0-1

[Event "XVII C.to Italiano UISP A"]
[Site "Montecatini Terme ITA"]
[Date "1996.12.??"]
[Round "7"]
[White "Rossignoli, Fabio"]
[Black "Vignato, Giovanni"]
[WhiteElo "1701"]
[BlackElo "2105"]
[Result "0-1"]
[PlyCount "96"]
[EventDate "1996.12.04"]

1. d4 d5 2. Nf3 Bf5 3. e3 Nf6 4. c4 e6 5. Nc3 c6 6. Qb3 Qb6 7. Qxb6 axb6 8. Bd2
h6 9. Be2 Nbd7 10. O-O Be7 11. a3 O-O 12. Rfc1 Ra7 13. Ne1 Rfa8 14. f3 dxc4 15.
e4 Bh7 16. Be3 b5 17. d5 Bc5 18. Bxc5 Nxc5 19. dxc6 bxc6 20. Rab1 Nfd7 21. Rd1
f5 22. Rd6 fxe4 23. Rbd1 Rc7 24. fxe4 Ne5 25. Nc2 Kf7 26. Nb4 Ke7 27. Bf3 Ncd3
28. Nxd3 Kxd6 29. Nxe5+ Kxe5 30. Kf2 Kf6 31. Rd6 Ke5 32. Rd2 Raa7 33. Ke3 Rd7
34. Re2 Rd3+ 35. Kf2 Rad7 36. Ke1 R7d4 37. Rf2 Re3+ 38. Kf1 Red3 39. Rc2 Rd2
40. Rxd2 Rxd2 41. Nd1 Bxe4 42. Ke1 Rc2 43. Be2 Kd4 44. g3 Bd3 45. Bf3 c5 46. h4
e5 47. Bc6 e4 48. h5 Re2+ 0-1

[Event "XVII C.to Italiano UISP A"]
[Site "Montecatini Terme ITA"]
[Date "1996.12.??"]
[Round "7"]
[White "Saccone, Fabio"]
[Black "Tencati, Giuseppe"]
[WhiteElo "2200"]
[BlackElo "2035"]
[Result "1-0"]
[PlyCount "45"]
[EventDate "1996.12.04"]

1. d4 d5 2. c4 c6 3. Nf3 Nf6 4. Nc3 e6 5. e3 Nbd7 6. Be2 Bd6 7. O-O O-O 8. b3
a6 9. Qc2 b5 10. e4 dxe4 11. Nxe4 Nxe4 12. Qxe4 Bb7 13. Bg5 Nf6 14. Qh4 Be7 15.
Bd3 h6 16. Bxh6 gxh6 17. Qxh6 c5 18. Rfe1 Bxf3 19. gxf3 Qxd4 20. Rad1 Rfd8 21.
Kh1 Ng4 22. Rg1 f5 23. Rxg4+ 1-0

[Event "XVII C.to Italiano UISP A"]
[Site "Montecatini Terme ITA"]
[Date "1996.12.??"]
[Round "7"]
[White "Tocchioni, Doriano"]
[Black "Lagrotteria, Salvatore"]
[WhiteElo "2260"]
[BlackElo "2165"]
[Result "1-0"]
[PlyCount "49"]
[EventDate "1996.12.04"]

1. d4 d5 2. Nf3 Nf6 3. Bg5 c6 4. Nbd2 h6 5. Bf4 Bf5 6. e3 e6 7. h3 Nbd7 8. g4
Bh7 9. Bd3 Ne4 10. Bxe4 dxe4 11. Ne5 Nf6 12. a3 Nd5 13. Nb3 Nxf4 14. exf4 Bd6
15. Nc5 Qc7 16. Qe2 Bxc5 17. dxc5 f6 18. Nc4 Qxf4 19. Nd6+ Ke7 20. Qe3 Qe5 21.
O-O-O b6 22. cxb6 axb6 23. Qxb6 Rad8 24. Qc7+ Rd7 25. Nc8+ 1-0

[Event "XVII C.to Italiano UISP A"]
[Site "Montecatini Terme ITA"]
[Date "1996.12.??"]
[Round "7"]
[White "Travaglini, Alberto"]
[Black "Adinolfi, Vincenzo"]
[WhiteElo "2021"]
[BlackElo "2165"]
[Result "1/2-1/2"]
[PlyCount "34"]
[EventDate "1996.12.04"]

1. d4 f5 2. Nf3 Nf6 3. Bf4 d5 4. e3 e6 5. Bd3 Be7 6. Nbd2 O-O 7. h3 c5 8. c3
Nc6 9. Qe2 Ne4 10. Ne5 Nxe5 11. Bxe5 Nxd2 12. Qxd2 Bd6 13. Bxd6 Qxd6 14. f4 c4
15. Bc2 Kh8 16. g4 Bd7 17. Rf1 Qe7 1/2-1/2

[Event "XVII C.to Italiano UISP A"]
[Site "Montecatini Terme ITA"]
[Date "1996.12.??"]
[Round "7"]
[White "Unterthurner, Hans"]
[Black "Zucconi, Leandro"]
[WhiteElo "1863"]
[BlackElo "2140"]
[Result "1-0"]
[PlyCount "57"]
[EventDate "1996.12.04"]

1. e4 e5 2. Nf3 Nc6 3. Bb5 a6 4. Ba4 Nf6 5. O-O b5 6. Bb3 Be7 7. Re1 d6 8. c3
O-O 9. h3 Na5 10. Bc2 c5 11. d4 Qc7 12. Nbd2 cxd4 13. cxd4 Nc6 14. d5 Nb4 15.
Bb1 a5 16. Nf1 Bd7 17. Ne3 Rfc8 18. a3 Na6 19. Nf1 Nc5 20. Ng3 b4 21. axb4 axb4
22. Rxa8 Rxa8 23. Be3 Bd8 24. b3 Ra1 25. Qc2 Ra5 26. Rc1 Qb8 27. Nxe5 Be8 28.
Nc4 Rb5 29. Nxd6 1-0

[Event "XVII C.to Italiano UISP A"]
[Site "Montecatini Terme ITA"]
[Date "1996.12.??"]
[Round "7"]
[White "Verrascina, Nicola"]
[Black "Mileto, Gabriele"]
[WhiteElo "2080"]
[BlackElo "2210"]
[Result "1-0"]
[PlyCount "97"]
[EventDate "1996.12.04"]

1. e4 c5 2. Nf3 d6 3. c3 Nf6 4. Be2 a6 5. O-O b5 6. a4 Nxe4 7. axb5 d5 8. bxa6
Bxa6 9. Qa4+ Qd7 10. Bb5 Bxb5 11. Qxa8 Qd8 12. Ne5 f6 13. c4 fxe5 14. cxb5 e6
15. d3 Nd6 16. Re1 Nxb5 17. Rxe5 Nd4 18. Be3 Ndc6 19. Rxe6+ Kd7 20. Rxc6 Nxc6
21. Qb7+ Qc7 22. Qxc7+ Kxc7 23. Ra8 d4 24. Bf4+ Kb7 25. Re8 g6 26. Bd6 Bg7 27.
Rxh8 Bxh8 28. Bxc5 Ne5 29. Bxd4 Nf3+ 30. gxf3 Bxd4 31. Nc3 Kc6 32. Kf1 Kc5 33.
Ke2 Kb4 34. Kd2 Kb3 35. Nd1 g5 36. h3 h6 37. Ne3 h5 38. Nf5 Bxf2 39. Ng7 Kxb2
40. Nxh5 Bd4 41. Ng3 Bb6 42. Ne4 Bd8 43. d4 Kb3 44. Kd3 Kb2 45. d5 Kc1 46. Nc5
Kd1 47. d6 Ke1 48. Ne6 Bf6 49. Ke4 1-0

[Event "XVII C.to Italiano UISP A"]
[Site "Montecatini Terme ITA"]
[Date "1996.12.??"]
[Round "8"]
[White "Adinolfi, Vincenzo"]
[Black "Ciotoli, Patrizio"]
[WhiteElo "2165"]
[BlackElo "1956"]
[Result "1-0"]
[PlyCount "127"]
[EventDate "1996.12.04"]

1. c4 f5 2. Nf3 Nf6 3. Nc3 g6 4. d4 Bg7 5. g3 O-O 6. Bg2 d6 7. O-O e6 8. Re1
Nbd7 9. e4 fxe4 10. Ng5 Nb6 11. c5 dxc5 12. dxc5 Qxd1 13. Rxd1 Nbd5 14. Ncxe4
Nxe4 15. Nxe4 Bd7 16. Rb1 a5 17. b3 Bc6 18. Bb2 Rad8 19. Bxg7 Kxg7 20. Re1 h6
21. a3 Nf6 22. f4 Nxe4 23. Bxe4 Bxe4 24. Rxe4 Rd5 25. c6 bxc6 26. Rxe6 Rd6 27.
Re5 Rd5 28. Rbe1 Rb5 29. Rxb5 cxb5 30. Rc1 Rf7 31. Rc5 Rf5 32. Rxc7+ Kf8 33.
Ra7 b4 34. axb4 Rb5 35. bxa5 Rxb3 36. a6 Ra3 37. Kg2 Ke8 38. Kh3 Kd8 39. Kg4
Ra5 40. Kf3 Kc8 41. Ke4 h5 42. Kd4 Kb8 43. Rb7+ Ka8 44. Rb6 g5 45. fxg5 Rxg5
46. Rh6 Ka7 47. Ke4 Rb5 48. Kf4 Rc5 49. Kf3 Ra5 50. Kg2 Kb8 51. Kh3 Kc8 52. Kh4
Kd8 53. Rxh5 Rxa6 54. Re5 Rh6+ 55. Rh5 Rg6 56. g4 Ke8 57. Rf5 Ke7 58. g5 Rg8
59. Kg4 Rb8 60. g6 Ke6 61. h4 Rb1 62. Rf8 Rg1+ 63. Kh5 Ke7 64. Rf4 1-0

[Event "XVII C.to Italiano UISP A"]
[Site "Montecatini Terme ITA"]
[Date "1996.12.??"]
[Round "8"]
[White "Arnetta, Benedetto"]
[Black "Ottavi, Marco"]
[WhiteElo "1609"]
[BlackElo "1945"]
[Result "1/2-1/2"]
[PlyCount "31"]
[EventDate "1996.12.04"]

1. e4 e6 2. d4 d5 3. e5 c5 4. Qg4 cxd4 5. Nf3 Nc6 6. Bd3 f5 7. Qg3 Bd7 8. O-O
Nge7 9. Re1 Qc7 10. a3 O-O-O 11. b4 h6 12. b5 Na5 13. Nxd4 g5 14. Bb2 Nc4 15.
Bxc4 dxc4 16. Nc3 1/2-1/2

[Event "XVII C.to Italiano UISP A"]
[Site "Montecatini Terme ITA"]
[Date "1996.12.??"]
[Round "8"]
[White "Genovese, Maurizio"]
[Black "Travaglini, Alberto"]
[WhiteElo "2265"]
[BlackElo "2021"]
[Result "1-0"]
[PlyCount "46"]
[EventDate "1996.12.04"]

1. d4 d5 2. c4 Bf5 3. Nf3 e6 4. Nc3 Nf6 5. Bg5 Be7 6. Bxf6 gxf6 7. cxd5 exd5 8.
Qb3 Be6 9. Qxb7 Nd7 10. Qb3 c5 11. g3 Rb8 12. Qc2 Qb6 13. O-O-O cxd4 14. Nxd4
O-O 15. e3 Nc5 16. Bd3 Rfc8 17. Bxh7+ Kh8 18. Rd2 a5 19. Kd1 Bd7 20. Bf5 Ne4
21. Bxe4 Rxc3 22. bxc3 Ba4 23. Nb3 dxe4 1-0

[Event "XVII C.to Italiano UISP A"]
[Site "Montecatini Terme ITA"]
[Date "1996.12.??"]
[Round "8"]
[White "Lucaroni, Massimiliano"]
[Black "Pastorini, Mario"]
[WhiteElo "2265"]
[BlackElo "2210"]
[Result "1-0"]
[PlyCount "53"]
[EventDate "1996.12.04"]

1. e4 c5 2. Nc3 Nc6 3. Nf3 e6 4. d4 cxd4 5. Nxd4 d6 6. Be2 Nf6 7. O-O Be7 8.
Be3 O-O 9. f4 Bd7 10. Nb3 a5 11. a4 e5 12. Bf3 Nb4 13. Rf2 Qc7 14. Rd2 Rfc8 15.
Kh1 Na6 16. fxe5 dxe5 17. Nd5 Nxd5 18. exd5 Bd6 19. Qg1 Nc5 20. Nxc5 Bxc5 21.
d6 Qb6 22. Bxc5 Rxc5 23. Bxb7 Re8 24. Rd5 Qxb7 25. Qxc5 Bc6 26. Rd2 e4 27. Re1
1-0

[Event "XVII C.to Italiano UISP A"]
[Site "Montecatini Terme ITA"]
[Date "1996.12.??"]
[Round "8"]
[White "Rossi, Carlo"]
[Black "Saccone, Fabio"]
[WhiteElo "2320"]
[BlackElo "2200"]
[Result "1-0"]
[PlyCount "123"]
[EventDate "1996.12.04"]

1. e4 d5 2. exd5 Nf6 3. d4 Nxd5 4. c4 Nb6 5. Nc3 e5 6. Qe2 Be7 7. dxe5 Nc6 8.
Be3 Bb4 9. Qc2 Nxe5 10. a3 Bxc3+ 11. Qxc3 Qe7 12. Nf3 Nxf3+ 13. gxf3 O-O 14.
Rg1 f6 15. O-O-O Be6 16. Rd4 Rad8 17. Bd3 Rxd4 18. Bxd4 c5 19. Be3 Nd7 20. Qc2
f5 21. Bf4 Qh4 22. Bd6 Re8 23. Qc3 Qh6+ 24. Kb1 b6 25. Be5 Nxe5 26. Qxe5 Bd7
27. Qc7 Qc6 28. Qf4 Qf6 29. h4 Qe5 30. Qg5 Rf8 31. h5 Bc6 32. h6 g6 33. f4 Qd4
34. Bc2 Be4 35. Bxe4 Qxe4+ 36. Ka1 Qe2 37. Rc1 Kf7 38. Ka2 Qg4 39. Re1 Qxg5 40.
fxg5 Rd8 41. Kb3 Rd2 42. Rf1 f4 43. Kc3 Re2 44. b4 Ke6 45. bxc5 bxc5 46. Kd3 f3
47. Rb1 Kf5 48. Rb7 Kxg5 49. Rxh7 Rxf2 50. Ke3 Ra2 51. Kxf3 Rxa3+ 52. Ke4 Kh5
53. Kd5 Ra5 54. Rh8 g5 55. h7 Kh6 56. Rg8 Kxh7 57. Rxg5 Kh6 58. Rg8 Kh7 59. Rc8
Kg7 60. Rxc5 Rxc5+ 61. Kxc5 Kf7 62. Kc6 1-0

[Event "XVII C.to Italiano UISP A"]
[Site "Montecatini Terme ITA"]
[Date "1996.12.??"]
[Round "8"]
[White "Sarno, Spartaco"]
[Black "Caruso, Augusto"]
[WhiteElo "2410"]
[BlackElo "2210"]
[Result "0-1"]
[PlyCount "88"]
[EventDate "1996.12.04"]

1. c4 e6 2. Nf3 Nf6 3. g3 d5 4. b3 c5 5. Bg2 Nc6 6. O-O Bd6 7. Bb2 O-O 8. cxd5
exd5 9. d4 Be6 10. Nc3 Rc8 11. Rc1 Qa5 12. dxc5 Bxc5 13. Na4 Be7 14. Qd2 Qxd2
15. Nxd2 Nb4 16. Nc3 d4 17. Nce4 Nxa2 18. Rxc8 Rxc8 19. Bxd4 Nxe4 20. Bxe4 b6
21. Ra1 Rc1+ 22. Kg2 Rxa1 23. Bxa1 Nc1 24. Bc2 Bb4 25. Ne4 Nxb3 26. Bc3 Be7 27.
f4 Bd5 28. Kf1 b5 29. f5 f6 30. Ke1 b4 31. Bxb3 Bxb3 32. Bd4 Bc2 33. Nf2 a5 34.
e4 b3 35. Kd2 a4 36. Nd3 a3 37. g4 Bd6 38. e5 fxe5 39. Nxe5 Be4 40. Nc4 b2 41.
Nxb2 axb2 42. Bxb2 Bxh2 43. Ke3 Bc6 44. g5 g6 0-1

[Event "XVII C.to Italiano UISP A"]
[Site "Montecatini Terme ITA"]
[Date "1996.12.??"]
[Round "8"]
[White "Tirabassi, Maurizio"]
[Black "Fabiano, Giuseppe"]
[WhiteElo "2330"]
[BlackElo "2240"]
[Result "1/2-1/2"]
[PlyCount "46"]
[EventDate "1996.12.04"]

1. c4 e5 2. Nc3 Nf6 3. e3 d6 4. Nge2 g6 5. g3 Bg7 6. Bg2 O-O 7. O-O Re8 8. d3
Nbd7 9. d4 e4 10. f3 exf3 11. Bxf3 Nb6 12. b3 Ng4 13. Qd3 c5 14. h3 Nh6 15. Kh2
Nf5 16. Bd2 Qe7 17. Rae1 Nxe3 18. Bxe3 Qxe3 19. Nf4 Qxe1 20. Rxe1 Rxe1 21. dxc5
dxc5 22. Qd8+ Bf8 23. Qd2 Re5 1/2-1/2

[Event "XVII C.to Italiano UISP A"]
[Site "Montecatini Terme ITA"]
[Date "1996.12.??"]
[Round "8"]
[White "Verrascina, Nicola"]
[Black "Caposciutti, Maurizio"]
[WhiteElo "2080"]
[BlackElo "2305"]
[Result "0-1"]
[PlyCount "116"]
[EventDate "1996.12.04"]

1. e4 c5 2. Nf3 Nc6 3. Bb5 Nf6 4. e5 Nd5 5. c3 g6 6. O-O Bg7 7. d4 cxd4 8. cxd4
O-O 9. Nc3 Nc7 10. Bc4 d5 11. Be2 Bg4 12. h3 Bxf3 13. Bxf3 e6 14. Re1 f6 15.
exf6 Qxf6 16. Ne2 Nxd4 17. Nxd4 Qxd4 18. Qxd4 Bxd4 19. Be3 Bxe3 20. Rxe3 Rfe8
21. Rc1 Re7 22. Rb3 Ne8 23. Re3 Kf7 24. Bg4 Nd6 25. Rce1 Rae8 26. Bd1 Nf5 27.
Ra3 a6 28. g4 Nd4 29. f4 e5 30. Rd3 Nc6 31. Rxd5 exf4 32. Rf1 Re4 33. g5 Kg7
34. a3 R8e7 35. Rd6 Nd4 36. Rb6 h6 37. gxh6+ Kxh6 38. Bf3 Nxf3+ 39. Rxf3 Kh5
40. Rf2 g5 41. Kg2 Re3 42. Rf3 Re2+ 43. Rf2 Rxf2+ 44. Kxf2 Rd7 45. Kf3 Rd3+ 46.
Kg2 Rd2+ 47. Kf3 Rh2 48. Rxb7 Rxh3+ 49. Ke4 Kg4 50. Rb6 Re3+ 51. Kd4 Kf3 52.
Rxa6 Rb3 53. Rc6 Rxb2 54. Rc3+ Kg2 55. Ke4 Re2+ 56. Kf5 f3 57. Kg4 Re4+ 58.
Kxg5 f2 0-1

[Event "XVII C.to Italiano UISP A"]
[Site "Montecatini Terme ITA"]
[Date "1996.12.??"]
[Round "8"]
[White "Vezzosi, Paolo"]
[Black "Passerotti, Pierluigi"]
[WhiteElo "2310"]
[BlackElo "2290"]
[Result "1/2-1/2"]
[PlyCount "82"]
[EventDate "1996.12.04"]

1. e4 c5 2. Nf3 e6 3. d4 cxd4 4. Nxd4 Nc6 5. Nb5 d6 6. c4 a6 7. N5c3 Nf6 8. Be3
Be7 9. Be2 O-O 10. f4 Re8 11. O-O Bf8 12. Bf3 Rb8 13. Qd2 Bd7 14. Na3 Qa5 15.
g4 d5 16. cxd5 exd5 17. exd5 Bc5 18. Nc4 Qb4 19. dxc6 Qxc4 20. Bxc5 Qxc5+ 21.
Qf2 Qxf2+ 22. Rxf2 Bxc6 23. Bxc6 bxc6 24. g5 Ne4 25. Nxe4 Rxe4 26. Rc1 Rb6 27.
Kg2 g6 28. Kf3 Rbb4 29. Kg3 Rb6 30. Rfc2 a5 31. Rd1 a4 32. Rd6 Reb4 33. Re2 Kg7
34. Re7 Rb7 35. Rxb7 Rxb7 36. Rd2 h6 37. h4 hxg5 38. hxg5 f6 39. Rd4 fxg5 40.
fxg5 Rxb2 41. Rxa4 Kf7 1/2-1/2

[Event "XVII C.to Italiano UISP giovani"]
[Site "Montecatini Terme ITA"]
[Date "1996.12.??"]
[Round "?"]
[White "Mazzilli, Piero"]
[Black "Mogranzini, Roberto"]
[Result "1/2-1/2"]
[WhiteElo "1687"]
[BlackElo "1771"]
[PlyCount "49"]
[EventDate "1996.12.04"]

1. e4 c5 2. Nf3 d6 3. d4 cxd4 4. Nxd4 Nf6 5. f3 a6 6. c4 Nc6 7. Nc3 g6 8. Be3
Bg7 9. Qd2 Qc7 10. Nd5 Nxd5 11. cxd5 Nxd4 12. Bxd4 Bxd4 13. Qxd4 O-O 14. Qc3
Qb6 15. Qb3 Qa5+ 16. Qc3 Qb6 17. Qb3 Qa7 18. Rc1 b5 19. Qc2 Bd7 20. Qf2 Rfc8
21. Rxc8+ Bxc8 22. Qxa7 Rxa7 23. Bd3 Kg7 24. Kd2 Rc7 25. Rc1 1/2-1/2

[Event "XVII C.to Italiano UISP giovani"]
[Site "Montecatini Terme ITA"]
[Date "1996.12.??"]
[Round "?"]
[White "Mogranzini, Roberto"]
[Black "Arnetta, Maria Teresa"]
[Result "1-0"]
[WhiteElo "1771"]
[BlackElo "1768"]
[PlyCount "33"]
[EventDate "1996.12.04"]

1. e4 e6 2. d4 d5 3. e5 c5 4. c3 Nc6 5. Nf3 cxd4 6. cxd4 f6 7. Bd3 Qc7 8. O-O
fxe5 9. dxe5 Nxe5 10. Nxe5 Qxe5 11. Re1 Qf6 12. Bb5+ Bd7 13. Qh5+ g6 14. Qxd5
O-O-O 15. Qc4+ Kb8 16. Bf4+ Ka8 17. Bxd7 1-0